| 000 | 00573nam a22001937a 4500 | ||
|---|---|---|---|
| 003 | OSt | ||
| 005 | 20260129125948.0 | ||
| 008 | 250614b |||||||| |||| 00| 0 eng d | ||
| 020 | _a978-0081010358. | ||
| 040 | _cOutspan Global University | ||
| 050 |
_aRK652.5 _b.D37 2018 |
||
| 100 |
_dDarvel, Brian William. _eAuthor |
||
| 245 |
_aMaterials Science for Dentistry _cby Brian William Darvell |
||
| 250 | _a10th ed | ||
| 260 |
_a Cambridge, United Kingdom: _b Woodhead Publishing, _cc2018 |
||
| 300 | _a842p | ||
| 700 |
_aDarvel, Brian William. _eAuthor |
||
| 942 |
_2lcc _cREF _n0 |
||
| 999 |
_c106 _d106 |
||